| 000 | 00472nam a2200157 a 4500 | ||
|---|---|---|---|
| 005 | 20140310183440.0 | ||
| 008 | 080402s19uu xx 00 eng d | ||
| 020 | _a0304365505 | ||
| 050 |
_aGN 333 _b.P419 2005 |
||
| 245 |
_aPeoples, nations and cultures : _ban a-z of the peoples of the world, past and present / |
||
| 260 |
_aLondon : _bWeidenfeld & Nicolson, _c2005. |
||
| 300 |
_a672 p. : _bill. ; _c27 cm. |
||
| 650 | _aPolitics | ||
| 942 |
_cBK _2lcc |
||
| 999 |
_c23047 _d23047 |
||